Statistics for WWE Wrestler Finishers

Click here to take the quiz!

General Stats

  • This quiz has been taken 212 times
    (207 since last reset)
  • The average score is 13 of 25

Answer Stats

HintAnswer% Correct
Triple HPedigree
95%
John CenaAttitude Adjustment
94%
Randy OrtonRKO
94%
Brock LesnarF-5
93%
Big ShowWMD
80%
Mark HenryWorld's Strongest Slam
75%
Corporate KaneChokeslam
69%
UndertakerTombstone Piledrier
69%
The RockRock Bottom
68%
BatistaBatista Bomb
65%
SheamusBrogue Kick
58%
RybackShellshock
53%
NatalyaSharpshooter
51%
Zack RyderRough Ryder
48%
A.J. LeeBlack Widow
40%
CesaroNeutralizer
39%
Beth PhoenixGlam Slam
38%
Alberto Del RioCross Armbreaker
37%
RusevThe Accolade
34%
PaigePaige Turner
22%
The MizFigure Four Leg-Lock
21%
KhaliPunjabi Plunge
21%
Jinder MahalCamel Clutch
15%
Heath SlaterSmash Hit
14%
Michelle McCoolFaith Breaker
12%

Score Distribution

Percentile by Number Answered

Percent of People with Each Score

Your Score History

You have not taken this quiz since the last reset